| 000 | 00489nam a2200157 a 4500 | ||
|---|---|---|---|
| 001 | 000037165 | ||
| 005 | 20200930080201.0 | ||
| 008 | 120220s2001 sp 000 0 spa d | ||
| 020 | _a84277139008 | ||
| 040 |
_aDO-SdBNP _bspa _cBNPHU |
||
| 082 |
_axxxx _bE59c |
||
| 245 | 0 | 0 |
_aEnseñanza de las ciencias desde la perspectiva ciencia-tecnología-sociedad. / _cPedro Membiela (ed.). |
| 260 |
_aMadrid : _bNarcea, _c2001. |
||
| 300 |
_a231 p. ; _c25 cm. |
||
| 700 | 1 |
_aMembiela, Pedro, _eed. _963574 |
|
| 999 |
_c36655 _d36655 |
||